DIA connections /

DIA connections features overlooked or unfamiliar aspects of DIA, including what we do and the ways we've impacted the lives of people around the world. Since its creation in 1961, DIA has been an all-source military intelligence organization.

Bibliographic Details
Format: Government Document Audio Reference Material
Language:English
Published: [Washington, D.C.] : Defense Intelligence Agency
Subjects:
Online Access:https://purl.fdlp.gov/GPO/gpo215582

MARC

Tag First Indicator Second Indicator Subfields
LEADER 00000nii a2200000 i 4500
001 in00004744913
006 m o h f
006 s x w f0 2
007 cr |||||||||||
007 sz||||||||||||
008 230816c20209999dcunnnngo f z n eng c
005 20230928203050.6
010 |a 2023235752 
035 |a (OCoLC)on1393967990 
040 |a GPO  |b eng  |e rda  |c GPO  |d MvI 
042 |a pcc 
043 |a n-us--- 
049 |a WWW 
074 |a 0315-F-01 (online) 
086 0 |a D 5.202:C 76/ 
245 0 0 |a DIA connections /  |c Defense Intelligence Agency. 
246 1 |a Defense Intelligence Agency connections 
264 1 |a [Washington, D.C.] :  |b Defense Intelligence Agency 
300 |a 1 online resource (audio files) 
310 |a Updated irregularly 
336 |a spoken word  |b spw  |2 rdacontent 
336 |a text  |b txt  |2 rdacontent 
337 |a audio  |b s  |2 rdamedia 
337 |a computer  |b c  |2 rdamedia 
338 |a online resource  |b cr  |2 rdacarrier 
362 1 |a Began in 2020? 
500 |a Listeners can access podcasts through the following platforms: You Tube, divids (Defense Visual Information Distribution Service), Spotify, Google Podcasts, and Apple Podcasts. 
500 |a In scope of the U.S. Government Publishing Office Cataloging and Indexing Program (C&I) and Federal Depository Library Program (FDLP). 
500 |a GPO Cataloging Record Distribution Program (CRDP). 
520 |a DIA connections features overlooked or unfamiliar aspects of DIA, including what we do and the ways we've impacted the lives of people around the world. Since its creation in 1961, DIA has been an all-source military intelligence organization. 
588 0 |a Contents viewed August 16, 2023; title from web page. 
610 1 0 |a United States.  |b Defense Intelligence Agency.  |0 https://id.loc.gov/authorities/names/n79151208 
650 0 |a Military intelligence  |z United States.  |0 https://id.loc.gov/authorities/subjects/sh88006556 
650 0 |a Military intelligence  |z United States  |x History. 
655 7 |a Podcasts.  |2 lcgft  |0 https://id.loc.gov/authorities/genreForms/gf2011026450 
710 1 |a United States.  |b Defense Intelligence Agency,  |0 https://id.loc.gov/authorities/names/n79151208  |e issuing body. 
856 4 0 |u https://purl.fdlp.gov/GPO/gpo215582  |t 0 
999 f f |s 9a8f55b5-031c-4773-b1fb-6b2335c56e32  |i b1c95525-06a2-4dd7-bf4f-0eb5a1880d3b  |t 0 
952 f f |a Texas A&M University  |b College Station  |c Electronic Resources  |d Available Online  |t 0  |e D 5.202:C 76/  |h Superintendent of Documents classification 
998 f f |a D 5.202:C 76/  |t 0  |l Available Online